Регионална библиотека "Любен Каравелов" - Русе

Световният революционен процес и младежта (Запис номер 484792)

MARC детайли
000 -Лидер
Контролно поле с фиксирана дължина nam a22 a 4500
003 - Код на организацията, давaща контролен номер
Контролно поле BLK
005 - Дата и час на последна редакция
Контролно поле 20221208031339.0
008 - Елементи от данни с фиксирана дължина
fixed length control field 200311b bul|||||r ||||||| ||bul||
010 ## - Наследен системен номер
LC control number KNG00035278RET
040 ## - Източник на каталожния запис
Идентификатор на билиотеката - собственик на записа BLK
041 ## - Код за език
Код за езика на текст/звукозапис или на отделно заглавие Български
Код за езика КДБФ Български
080 ## - УДК
Текстов определител УДК Политически и национални младежки движения
УДК код - определител по УДК 329.78
УДК - код + определител 329.78
139 ## - Редно поле
Редна дума Световният революционен процес и младежта
245 ## - Сведения за заглавието
Заглавие Световният революционен процес и младежта
Подзаглавни данни [Моногр.]
Редно поле (дума) Иван Киров и др. ; състав. Ицо Самуилов.
257 ## - Страна на издаване
Страна на създаване/издаване СССР
260 ## - Област на издателските данни
Място на издаване, разпространение и проч. София
Име на издателя, разпространителя и проч. Нар. младеж
Година на издаване 1980
9 (RLIN) 210040
Издателство - префикс ISBN 954-04-
300 ## - Физическа характеристика
Страници 239 с.
Размери/Мащаб 21 см
380 ## - Жанр
Жанр Обществени науки
490 ## - СЕРИИ (Колекции)
9 (RLIN) 206517
Име на серия В помощ на политическата учебна година на Димитровския комсомол
500 ## - Общи забележки
Забележка Други авт.: Е. Кънева, В. Табакова, З. Захариев, М. Конакчиева, В. Манолова, Л. Недялков, М. Аргирова, В. Върбанова, Ив. Ангелов, отбелязани в библиогр. каре ; Пълното име на Ив. Ангелов е Иван Ангелов Велков ; Състав. известен като Исак Ашеров Самуилов<br/>Библиогр. под линия
650 #7 - Допълнително описание по предмет – тема
9 (RLIN) 162513
Основно описание – тема или топоним Младежко революционно движение - България
653 #7 - Ключова дума – ненормативна
9 (RLIN) 196124
Ключова дума сборници
653 #7 - Ключова дума – ненормативна
9 (RLIN) 191247
Ключова дума младежко революционно движение
700 ## - Други автори (авторска отговорност)
Лично име Киров, Иван
Автороска отговорност (Описва отношението между автора и произведението) съавт.
9 (RLIN) 1445
700 ## - Други автори (авторска отговорност)
Лично име Самуилов, И.
Автороска отговорност (Описва отношението между автора и произведението) състав.
9 (RLIN) 1478
852 ## - Местоположение
Форматна сигнатура Цб 105867
Фондова буква Хранилище
856 4# - Електронен адрес и достъп
Електронен формат pdf - файл
Път до файла /url/
Инструкция (цена за достъп) 0.00
Права за достъп disable
856 4# - Електронен адрес и достъп
Електронен формат pdf - файл
Път до файла /url/
Инструкция (цена за достъп) 0.00
Права за достъп disable
999 ## - СИСТЕМНИ КОНТРОЛНИ НОМЕРА
Koha biblionumber 484792
Koha biblioitemnumber 484792
942 ## - АРТИКУЛИ
Вид на библиотечния материал Книги
Скрит в OPAC Не
Периодичен библиозапис Да
944 ## - СЪЗДАВАНЕ И РЕДАКЦИЯ на ЗАПИСА
Създаване/Редакция Създаване
Дата на регистрацията/редакция 2022-12-07
Служител, извършил регистрацията/редакцията ир
Наличности
Код за отписване Код за изгубен артикул Източник на класификационната схема Код за повреда Коз за рестрикции Код за отдаване Артикулен № Име на библиотеката - собственик Име на библиотеката, в която се намира в момента Статус (Текущо местоположение) Дата на вписване в системата Местоположение - отдел Цена в лева Инвентарен номер Систематично азбучна сигнатура Баркод Цена в евро Служебен тип на артикула
  Не е изгубен Universal Decimal Classification Не е повреден само за читалня ползва се в читалня 917877 Регионална библиотека "Любен Каравелов" Русе Регионална библиотека "Любен Каравелов" Русе Хранилище 2022-12-09 Хранилище 1.05 314661 Цб 105867 120000314661 0.54 Книги
Vip Innovations Ltd, Rousse, Bulgaria 2025